LEADER 02023nam a2200385 a 4500 001 000000132677 003 CaOOAMICUS 005 20130207122643.0 008 130207s2012 be df u001 u lat r 020 $z9782503542096* 040 $aPUL$bita 041 0 $alat$aeng 100 0 $aAlcuinus Turonensis,$d732-804.$0(OLS)http://pul/name/14725 240 10$aDe fide Trinitatis.$0(OLS)http://pul/title/167635 245 10$aAlcuini Eboracensis De fide sanctae Trinitatis et De incarnatione Christi :$bQuaestiones de sancta Trinitate /$ccura et studio Eric Knibbs et E. Ann Matter. 260 $aTurnhout :$bBrepols,$c2012. 300 $alxxvi, 180 p., [1] p. di tav. ripieg. :$cgrafico ;$c25 cm 490 1 $aCorpus Cristianorum. Continuatio Mediaevalis ;$v249 500 $aL'opera rispetta la tripartizione di Patrologia Latina 101, 11-58: Epistula nuncupatoria ; Invocatio ad ss. Trinitatem, et fidei symbolum eiusdem ; De Trinitate ad Fredegisum quaestiones XXVIII. 500 $aSul front.: "Quaestiones de sancta Trinitate". 504 $aComprende riferimenti bibliografici. 546 $aTesto in latino, commento in inglese. 700 1 $aKnibbs, Eric.$0(OLS)http://pul/name/85485 700 1 $aMatter, E. Ann.$0(OLS)http://pul/name/17325 740 02$aQuaestiones de sancta Trinitate. 830 0$aCorpus Christianorum.$pContinuatio Mediaevalis ;$v249.$0(OLS)http://pul/title/6 850 $aPUL 852 $aPUL$W1$xSL Cons. Gen., Altre Classi 1$y1$m2008 B 1.249$j152637$qStampati$B152033$CPULBib$Z2$F152033 $H121619 $82 900 $aAlcuino,$d732-804$914725 941 1 $a8 996 $6020$z9782503542096*$9(OLS)http://pul/number/151768 996 $6245$aAlcuini Eboracensis De fide sanctae Trinitatis et De incarnatione Christi :$bQuaestiones de sancta Trinitate$9(OLS)http://pul/title/167636 996 $6740$aQuaestiones de sancta Trinitate$9(OLS)http://pul/title/167637 996 $6260$aTurnhout :$bBrepols$9(OLS)http://pul/publisher/47850 LEADER 01654nam a2200337 a 4500 001 000000134427 003 CaOOAMICUS 005 20130614173610.0 008 130614s2012 it ao u000 u ita r 040 $aPUL$bita 082 04$a364.1 245 00$a1992-2012 :$bmani pulite : l'inchiesta che ha cambiato l'Italia. 246 33$aMani pulite 260 $aMilano :$bRCS MediaGroup,$c2012. 300 $a2 v. :$bill., fotogr. ;$c21 cm. 490 1 $aItinerari del Corriere della Sera 500 $aEdizione speciale per il Corriere della Sera. 505 0 $aV.1. Le parole / a cura di Alessio Ribaudo. -- v.2. Le immagini / a cura di Chiara Mariani e Alessio Ribaudo. 650 4$aCorruzione politica e governativa.$0(OLS)http://pul/subject/22777 700 1 $aMariani, Chiara.$0(OLS)http://pul/name/86597 700 1 $aRibaudo, Alessio.$0(OLS)http://pul/name/86598 830 0$aItinerari del Corriere della Sera.$0(OLS)http://pul/title/169997 850 $aPUL 852 $aPUL$W1$xDP2 Diritto e Scienze Sociali 3$y110$m364. 1 RIBAL 1.1$j154577$av.1$qDDC 21$B154124$CPULBib$Z2$F154124 $H119351 $82 852 $aPUL$W1$xDP2 Diritto e Scienze Sociali 3$y110$m364. 1 RIBAL 1.2$j154578$av.2$qDDC 21$B154125$CPULBib$Z2$F154125 $H119352 $82 941 1 $a9 996 $6082$a364.1$9(OLS)http://pul/classification/2405 996 $6246$aMani pulite$9(OLS)http://pul/title/169998 996 $6245$a1992-2012 :$bmani pulite : l'inchiesta che ha cambiato l'Italia$9(OLS)http://pul/title/169996 996 $6260$aMilano :$bRCS MediaGroup$9(OLS)http://pul/publisher/82069